Forest flora of Melghat (Record no. 85695)

MARC details
000 -LEADER
fixed length control field 00693cam a2200241 4500
001 - CONTROL NUMBER
control field sa 68014321
003 - CONTROL NUMBER IDENTIFIER
control field DLC
005 - DATE AND TIME OF LATEST TRANSACTION
control field 20260227112630.0
008 - FIXED-LENGTH DATA ELEMENTS--GENERAL INFORMATION
fixed length control field 700206s1968 ii 00110 eng
010 ## - LIBRARY OF CONGRESS CONTROL NUMBER
LC control number sa 68014321 //r933
025 ## - OVERSEAS ACQUISITION NUMBER
Overseas acquisition number PL480:I-E-11134
040 ## - CATALOGING SOURCE
Original cataloging agency DLC
Transcribing agency DLC
Modifying agency ICU
-- DLC
043 ## - GEOGRAPHIC AREA CODE
Geographic area code a-ii---
050 00 - LIBRARY OF CONGRESS CALL NUMBER
Classification number QK358
Item number .P33
082 00 - DEWEY DECIMAL CLASSIFICATION NUMBER
Classification number 582.13/0954/79
100 10 - MAIN ENTRY--PERSONAL NAME
Personal name Patel, R. I.
Fuller form of name (Raojibhai Ishwardas),
Dates associated with a name 1917-
245 10 - TITLE STATEMENT
Title Forest flora of Melghat
Statement of responsibility, etc. [by] R. I. Patel.
250 ## - EDITION STATEMENT
Edition statement [1st ed.
260 0# - PUBLICATION, DISTRIBUTION, ETC.
Place of publication, distribution, etc. Dehradun,
Name of publisher, distributor, etc. Bishen Singh Mahendra Pal Singh,
Date of publication, distribution, etc. 1968]
300 ## - PHYSICAL DESCRIPTION
Extent xlviii, 380 p.
Dimensions 19 cm.
350 ## - PRICE (NR) (BK AM CF MU VM SE) [OBSOLETE]
Price 16.00
650 #0 - SUBJECT ADDED ENTRY--TOPICAL TERM
Topical term or geographic name entry element Forest plants
Geographic subdivision India
-- Maharashtra (State)

No items available.

Powered by Koha